000 00534nam a2200157 i 4500
001 158400
003 ES-MaACL
005 20230906211133.0
008 970605s1897 sp |||| | spa d
040 _aAS
_bspa
_cCCPB | SIC
100 1 _aMacías Picavea, Ricardo.
_975221
245 1 3 _aLa tierra de campos
_b: novela original /
_cpor Ricardo Macias Picavea.
260 _aMadrid :
_bLibrería de Victoriano Suárez,
_c1897 (
_fEst. tip. de G. Juste)
300 _a2 v. ;
_c19 cm.
852 _aES-MaACL
_jF-10029-10030
_z-- Enc. hol.
999 _c158400
_d158400